| 000 | 00368nam a2200133 a 4500 | ||
|---|---|---|---|
| 005 | 20141022142008.0 | ||
| 008 | 120228s19uu xx 00 eng d | ||
| 050 |
_aDVD-ROM _bJ71 2007 |
||
| 100 | _aJones, Gareth | ||
| 245 |
_aIntroduction to business : _bhow companies create value for people / _cGareth Jones. |
||
| 250 | _a1st ed. | ||
| 260 | _c2007. | ||
| 942 | _cAVM | ||
| 999 |
_c276626 _d276626 |
||